Beste Premier League Torschützen FC Liverpool - Statistiken

Allgemein
  • Dieses Quiz wurde 408 mal gespielt
    216 seit der letzten Aktualisierung
  • Das Durchschnittsergebnis liegt bei 25 aus 36
Antwortstatistiken
Saison Nationalität Tore Spieler % Korrekt
2024/25 Ägypten 29 Mohamed Salah
100%
2023/24 Ägypten 18 Mohamed Salah
100%
2022/23 Ägypten 19 Mohamed Salah
100%
2021/22 Ägypten 23 Mohamed Salah
100%
2020/21 Ägypten 22 Mohamed Salah
100%
2019/20 Ägypten 19 Mohamed Salah
100%
2018/19 Ägypten 22 Mohamed Salah
100%
2017/18 Ägypten 32 Mohamed Salah
100%
2018/19 Senegal 22 Sadio Mané
99%
2016/17 Senegal 13 Sadio Mané
99%
2013/14 Uruguay 31 Luis Suárez
93%
2012/13 Uruguay 23 Luis Suárez
93%
2011/12 Uruguay 11 Luis Suárez
93%
2015/16 Brasilien 10 Roberto Firmino
92%
2009/10 Spanien 18 Fernando Torres
80%
2007/08 Spanien 24 Fernando Torres
80%
2003/04 England 16 Michael Owen
63%
2002/03 England 19 Michael Owen
63%
2001/02 England 19 Michael Owen
63%
2000/01 England 16 Michael Owen
63%
1999/00 England 11 Michael Owen
63%
1998/99 England 18 Michael Owen
63%
1997/98 England 18 Michael Owen
63%
2014/15 England 9 Steven Gerrard
63%
2008/09 England 16 Steven Gerrard
63%
2005/06 England 10 Steven Gerrard
63%
2016/17 Brasilien 13 Philippe Coutinho
60%
2010/11 Niederlande 13 Dirk Kuyt
48%
2006/07 Niederlande 12 Dirk Kuyt
48%
1993/94 Wales 14 Ian Rush
44%
1992/93 Wales 14 Ian Rush
44%
2004/05 England 12 Peter Crouch
30%
1996/97 England 18 Robbie Fowler
26%
1995/96 England 28 Robbie Fowler
26%
1994/95 England 25 Robbie Fowler
26%
2010/11 England 13 Andy Carroll
15%
Keine übereinstimmenden Quizze gefunden
Verteilung der Resultate
Anzahl Personen mit jedem Resultat
Perzentil nach korrekt beantworteten Fragen
Ihre Resultats-Entwicklung
Sie haben dieses Quiz seit der letzten Aktualisierung nicht gespielt